banner-ar

LE DEVELOPPEMENT AFFECTIF DE L'ENFANT / (Record no. 25642)

MARC details
000 -الفاتح
حقل البيانات ثابتة الطول 00484nam a2200181Ia 4500
008 - عناصر البيانات ثابتة الطول - معلومات عامة
حقل البيانات ثابتة الطول 140319s9999 xx 000 0 eng d
040 ## - مصدر الفهرسة
وكالة الفهرسة الأصلية GCL /
وكالة النسخ GCL
082 04 - رقم تصنيف ديوى العشرى
رقم التصنيف 305.231
رقم المادة G D
100 1# - المدخل الرئيسى - إسم شخصى
الإسم الشخصى GREENSPAN, STANLEY
245 10 - بيان العنوان
العنوان LE DEVELOPPEMENT AFFECTIF DE L'ENFANT /
بيان المسئوليه,etc GREENSPAN, STANLEY
700 1# - المدخل الاضافى - اسم شخصى
الإسم الشخصى THORNDIKE, GREENSPAN
260 ## - PUBLICATION, DISTRIBUTION, ETC. (IMPRINT)
تاريخ النشر أو التوزيع 1986
300 ## - الوصف المادى
التعداد 315 P
650 04 - المدخل الاضافى بالموضوع-مصطلح موضوعى
مصطلح موضوعي CHILD - DEVELOPMENT
650 04 - المدخل الاضافى بالموضوع-مصطلح موضوعى
مصطلح موضوعي CHILD - CARE
942 ## - عناصر المدخل الإضافي( كوها)
مصدر التصنيف او مخطط الترفيف Dewey Decimal Classification
Koha [default] item type كتاب
260 ## - PUBLICATION, DISTRIBUTION, ETC. (IMPRINT)
-- [S.N] :
-- FAYARD ،
Holdings
حالة التراجع حالة الفقد حالة تلف ليس للاعارة المكان المؤقت الموقع الحالى تاريخ الاكتساب اجمالي اﻻعارات رقم الطلب الباركود تاريخ اخر مشاهدة تاريخ تفعيل السعر نوع وعاء كوها
        مكتبة القاهرة الكبرى مكتبة القاهرة الكبرى 03/26/2014   305.231\G D 45115 03/26/2014 03/26/2014 كتاب
        مكتبة القاهرة الكبرى مكتبة القاهرة الكبرى 03/26/2014   305.231\G D 45116 03/26/2014 03/26/2014 كتاب

Powered By

EGPV